US FDA AND OTHER INTERNATIONL DRUGS AND COSMENTICS ACT (Record no. 33180)
[ view plain ]
| 000 -LEADER | |
|---|---|
| fixed length control field | 00354nam a2200133Ia 4500 |
| 008 - FIXED-LENGTH DATA ELEMENTS--GENERAL INFORMATION | |
| fixed length control field | 210215s9999 xx 000 0 und d |
| 020 ## - INTERNATIONAL STANDARD BOOK NUMBER | |
| International Standard Book Number | 9789386217684 |
| 082 ## - DEWEY DECIMAL CLASSIFICATION NUMBER | |
| Classification number | 615.5 |
| Item number | MAG-U |
| 100 ## - MAIN ENTRY--PERSONAL NAME | |
| Personal name | MAGAZINE RANJAN |
| 245 #0 - TITLE STATEMENT | |
| Title | US FDA AND OTHER INTERNATIONL DRUGS AND COSMENTICS ACT |
| 260 ## - PUBLICATION, DISTRIBUTION, ETC. | |
| Name of publisher, distributor, etc. | CBS PUBLISERS & DISTRIBUTORS |
| 300 ## - PHYSICAL DESCRIPTION | |
| Extent | 195 |
| 942 ## - ADDED ENTRY ELEMENTS (KOHA) | |
| Koha item type | Book |
| Withdrawn status | Lost status | Damaged status | Not for loan | Collection code | Permanent Location | Current Location | Shelving location | Date acquired | Cost, normal purchase price | Full call number | Barcode | Date last seen | Price effective from | Koha item type | Total Checkouts | Date last checked out |
|---|---|---|---|---|---|---|---|---|---|---|---|---|---|---|---|---|
| Maharishi School of Pharmaceutical Science (Lucknow) | Maharishi School of Pharmaceutical Science (Lucknow) | R16S4 | 2021-02-15 | 295.00 | 615.321 MAG-U | SOPH752 | 2021-02-15 | 2021-02-15 | Book | |||||||
| Maharishi School of Pharmaceutical Science (Lucknow) | Maharishi School of Pharmaceutical Science (Lucknow) | R16S4 | 2021-02-15 | 295.00 | 615.321 MAG-U | SOPH753 | 2025-01-07 | 2021-02-15 | Book | 1 | 2024-12-30 | |||||
| Maharishi School of Pharmaceutical Science (Lucknow) | Maharishi School of Pharmaceutical Science (Lucknow) | R16S4 | 2021-02-15 | 295.00 | 615.321 MAG-U | SOPH754 | 2025-02-03 | 2021-02-15 | Book | 1 | 2025-01-17 | |||||
| Maharishi School of Pharmaceutical Science (Lucknow) | Maharishi School of Pharmaceutical Science (Lucknow) | R16S4 | 2021-02-15 | 295.00 | 615.321 MAG-U | SOPH755 | 2025-01-09 | 2021-02-15 | Book | 1 | 2025-01-06 | |||||
| Maharishi School of Pharmaceutical Science (Lucknow) | Maharishi School of Pharmaceutical Science (Lucknow) | R2S3 | 2021-02-15 | 295.00 | 615.5 | SOPH756 | 2021-02-15 | 2021-02-15 | Reference Book |